000 00603nam a2200217Ia 4500
003 GCL
008 140319s9999 xx 000 0 ara d
040 _aGCL /
_cGCL
082 0 4 _a250
_bا ى
100 1 _aاحمد الشرباصى
245 1 0 _aيسالونك فى الدين والحياة /
_cاحمد الشرباصى
260 _aبيروت :
_bدار الجيل
300 _a7 مجلد ؛
_c24 سم
490 _a
650 0 4 _aالاسلام
650 0 4 _aالموت
650 0 4 _aالزواج
650 0 4 _aالطهارة
650 0 4 _aاركان الاسلام
942 _2ddc
_cBK
999 _c53535
_d53535